1312 1737 1527 1881 1134 1133 1888 1892 1635 1889 1878 1313 1960 1821 1014 1089 1140 1148 1660 1513 1662 1039 1885 1046 1007 1238 1484 1769 1961 1759 1357 1301 1675 1165 1478 1128 1324 1689 1099 1729 1671 1993 1518 1598 1350 1454 1206 1205 1205 1215 1048 1824 1512 1581 1248 1719 1277 1073 1472 1274 1028 1529 1484 1115 1104 1373 1675 1525 1708 1799 1416 1875 1229 1488 1620 1523 1490 1884 1787 1663 1330 1043 1231 1192 1675 1896 1509 1785 1719 1439 1034 1987 1014 1498 1870 1692 1195 1204 1304 BCNSPRNW ULIB Ver.6.0+V

เปลี่ยนเป็นภาษาไทย

Change to English
 แสดงรายละเอียดบรรณานุกรม
  กลับหน้าหลัก

Brief Record : Get Marc (ISO 2709) : E-mail record : QR code < ปิดหน้าต่าง
LEADER : 00000nam 2200000uu 4500
001    13399111502
003     ULIB
008    110629s2542||||th 000 0 tha d
020    9742919135
060  4 QV55^bอ418ย
100 0  อรุณี หาญทวีพันธุ์
245 00 ยาลดความดันโลหิต /^cเขียนโดย อรุณี หาญทวีพันธุ์
260    กรุงเทพฯ :^bเมคอินโฟ จี.ดี.,^c2542
300    115 หน้า :^bภาพประกอบ;^21 ซม.
650  0 ยา
650  0 ความดันโลหิต
945    ^p0^l0^i10238
945    ^p0^l0^i10236
945    ^p0^l0^i10239
945    ^p0^l0^i10237
945    ^p0^l0^i10235
995    กัณชพร
999 ^a ใช้งานได้ทุกระบบ
รายการนี้ยังไม่มีแท็ก
คุณยังไม่ได้ล็อกอิน คุณสามารถมีกิจกรรมร่วมกับเว็บไซต์ได้ แต่ต้องล็อกอินก่อน ::
  ล็อกอิน

รายการสื่อสารสนเทศ

ลำดับที่ ประเภท เลขเรียก/บาร์โค้ด สถานที่ สถานะ
- ไม่พบข้อมูล -

รายการใกล้เคียง
    หัวเรื่อง [ยา]
    หัวเรื่อง [ความดันโลหิต]

BibComment


ยังไม่เคยถูกคอมเมนท์

คอมเมนท์ทรัพยากรรายการนี้
  คอมเมนท์: ยาลดความดันโลหิต ..


 Copyright 2026. Bcnsprnw @Library